[Event "Vlissingen HZ op 03rd"]
[Site "Vlissingen"]
[Date "1999.08.13"]
[Round "5"]
[White "Mikhalevski, Victor"]
[Black "Van der Wiel, John"]
[Result "1/2-1/2"]
[WhiteElo "2516"]
[BlackElo "2544"]
[Annotator "Mikhalevski,V"]
[PlyCount "89"]
[EventDate "1999.08.09"]
[EventType "swiss"]
[EventRounds "7"]
[EventCountry "NED"]
[SourceTitle "EXT 2000"]
[Source "ChessBase"]
[SourceDate "1999.11.16"]
[SourceVersion "1"]
[SourceVersionDate "1999.11.16"]
[SourceQuality "1"]

1. d4 Nf6 2. c4 c6 3. Nf3 d5 4. Nc3 a6 5. c5 Bf5 6. Bf4 Nbd7 7. e3 e6 $5 (7...
g6) 8. Be2 Be7 (8... b5 9. Nd2 Ne4 10. Ndxe4 dxe4 11. Qc2 Nf6 12. Bg5 h6 13.
Bxf6 Qxf6 14. g4 Bg6 15. Nxe4 Qh4 16. O-O-O Be7 17. Rdg1 O-O 18. f4 a5 19. Bd3
Bxe4 20. Bxe4 Rfc8 21. Rg3 b4 22. Qg2 Ra6 23. Rh3 Qf6 24. g5 hxg5 25. Bh7+ Kf8
26. Bd3 {1-0 Bareev,E-Martinovsky,E/New York 1998/CBM 64/[Huebner,R] (26)}) 9.
Nd2 $5 {[%mdl 8] Interesting Kramnik's novelty.White prevents Nh5,takes under
control the e4-square and in the future knight can support play on the queen
side.} (9. O-O O-O 10. Qb3 Qc8 11. h3 Re8 12. Bh2 Bd8 13. Rfd1 h6 14. Rac1 Bc7
15. Bxc7 Qxc7 16. Na4 Re7 17. Qb4 Rae8 18. Nb6 e5 19. Nxd7 Nxd7 20. dxe5 Nxe5
21. Nd4 Be4 22. Qd2 Nd7 23. b4 Nf8 24. Bd3 Bxd3 25. Qxd3 g6 26. Nf3 Re4 27. a3
Nh7 28. Nd2 Rh4 29. Re1 Nf6 30. Re2 Ne4 31. Nf3 Rh5 32. Rb2 Qe7 33. a4 Rf5 34.
Nd4 Rf6 35. Rcc2 Rd8 36. Rb1 Rc8 37. Qb3 Kf8 38. Rbc1 Kg7 39. Ra1 Rd8 40. Qb2
Kg8 41. Ra2 Rc8 42. Ra3 h5 43. Rb3 Kh7 44. Qc1 Ng5 45. b5 axb5 46. axb5 Ne6 47.
bxc6 bxc6 48. Nf3 Rf5 49. Rb6 Qf6 50. Qd1 Kg7 51. Ra6 {1/2-1/2 Yudasin,L-Magem
Badals,J/Pamplona 1995/CBM 46 (51)}) 9... h6 ({In the origin game Black played
} 9... Bg6 10. b4 Qc8 11. O-O Bd8 12. Rc1 Bc7 13. Bxc7 Qxc7 14. f4 $1 Ng8 15.
e4 Ne7 16. f5 exf5 17. exd5 cxd5 18. b5 O-O 19. b6 Qd8 20. Nb3 Nf6 21. Na5 Rb8
22. a4 Ne4 23. Na2 f6 24. Nb4 Be8 25. Qc2 g6 26. Rb1 Rf7 27. Nxb7 $1 Rxb7 28.
a5 Nc6 29. Nxc6 Bxc6 30. Bxa6 Rb8 31. Bb5 $1 Qc8 32. Bxc6 Qxc6 33. a6 Kg7 34.
Rb4 Nd6 35. Qa4 Qxa4 36. Rxa4 Nc8 37. Rb4 Na7 38. bxa7 Ra8 39. c6 Raxa7 40. Rc1
{1-0 Kramnik,V-Topalov,V/Dortmund GER 1999 (40)}) 10. Rc1 Bh7 11. O-O O-O 12.
Bg3 {Waiting for Black's plan.} Ne8 13. b4 $14 f6 14. Nb3 $1 {[%cal Gb3a5]} g5
{[%cal Ge8g7,Gg7f5]} ({In case of} 14... e5 {White can choose between} 15. dxe5
({and} 15. e4 $5) 15... Nxe5 (15... fxe5 $6 16. Nxd5 $5 cxd5 17. Qxd5+ Kh8 18.
Rfd1 $36 {[%csl Rd7,Rd8][%cal Gd5b7] /\Q:b7}) 16. Nd4 {[%csl Re6]} Nc7 17. Na4
$14 {[%csl Rb6][%cal Ga4b6]}) 15. Na5 ({Immediate} 15. e4 $5 {was also
interesting}) 15... Qc8 (15... Ra7) 16. e4 $1 {Opening the position White is
steals up to the hidden weaknesses in Black's setup.} Bxe4 (16... Bd8 $5 17.
exd5 (17. f3 $5) 17... exd5 18. Nxd5 $5 (18. Bf3 $5) 18... cxd5 19. c6 {
[%csl Rb7,Rd7]} bxc6 (19... Bxa5 20. cxd7 Qxd7 21. bxa5 $16 {[%csl Rb7,Rd5]
[%cal Gd1b3] /\Qb3}) 20. Rxc6 Nc7 21. Qb3 $36 {[%csl Rc7,Rd5][%cal Gf1c1]}) (
16... dxe4 17. d5 $1 {[%cal Gc1c8]} exd5 18. Nxd5 cxd5 $2 (18... Bd8 $142 19.
Ne3 $36) 19. c6 $1 bxc6 20. Rxc6 $1 {[%csl Rc8]} (20. Nxc6 Qb7) 20... Qd8 (
20... Nc7 21. Rxc7 Qe8 22. Qxd5+ $18) 21. Nb7 $18 {[%csl Rd8] traping Black's
queen}) 17. Nxe4 dxe4 18. Qb3 {[%csl Re6]} (18. f3 $5 {[%csl Re6] was also
interesting opening the e-file in order to make use of the weakness on e6.}) (
18. Bc4 Ng7 19. Qb3 {-18.Qb3}) 18... Ng7 19. Bc4 {[%csl Re6]} (19. f3 $5) 19...
Kh7 20. Bxe6 $5 ({After simple} 20. f3 $1 $36 {Black is in a big danger as he
is lack of space,his king is open and the e6-pawn is weak.}) 20... Nxc5 $1 {
I have absolutely missed this idea.Fortunately White is still much better.} ({
I was considering only} 20... f5 {but then after} 21. Bd6 $1 {[%cal Gd4d5] /\d5
} (21. Be5 Nxe6 22. Qxe6 Nxe5 (22... Bd8 $142) 23. Qxe7+ Nf7 24. Nxb7) 21...
Bxd6 22. cxd6 Qe8 23. d5 $1 {[%cal Ga5b7] White wins.}) 21. bxc5 $1 {[%csl Rb7]
><b7} (21. Bxc8 {leads into a slightly better endgame.} Nxb3 22. Bxb7 Nxc1 23.
Rxc1 Bxb4 24. Bxa8 Rxa8 25. Nxc6 $14) 21... Nxe6 (21... Qxe6 22. Qxb7 Rfc8 $140
(22... Rac8 $5) 23. Nxc6 $1 {[%csl Ra8,Re7]}) 22. Rb1 $1 {[%csl Rb7][%cal
Gb3b7] White wins a pawn back with all conveniences.} Ra7 $8 {Other moves are
even worse.} (22... Nd8 $2 23. Nc4 $1 {[%csl Ra8][%cal Gc4b6]} (23. f3 $5) (23.
Rfe1 $5)) (22... Nxd4 $2 23. Qc4 $1 {[%csl Rb7,Rd4,Re4][%cal Gb1b7,Gc4e4]} Qd8
24. Rxb7 $1 $18 {[%cal Gg3d6] /\Bd6} (24. Nxb7 $5 Qd7 25. Rfd1 {[%csl Rd4]
[%cal Gd1d7]})) 23. Qb6 Qa8 24. Bd6 $6 (24. d5 $2 Bxc5 25. Qb3 Nd4 26. Qc4 b6
$1 $19) (24. Rbe1 $5) ({After simple capture White obtain big positional
advantage.} 24. Nxb7 $142 $1 Nd8 (24... Nxd4 25. Rfd1 {[%cal Gd1d7]} Ne2+ 26.
Kf1 Nc3 27. Rd7 Qe8 28. Rc7 $1 Nxb1 29. Qxa7 $18 {[%csl Re7][%cal Gb7d6,Rc7h7]
/\Nd6}) 25. Na5 {[%csl Rc6]} Rd7 $16) 24... Re8 $1 {Strong defence.} ({Both} 
24... Bd8 25. Qb3 (25. Bxf8 $5 Bxb6 26. cxb6 Nxf8 27. bxa7 b5 28. Rfc1 $14)
25... Re8 26. Nxb7) ({and} 24... Bxd6 25. cxd6 $16 {are in White's favour}) 25.
Bxe7 (25. d5 cxd5 26. Nxb7 (26. c6 $2 bxc6 27. Nxc6 Bxd6 28. Nxa7 Bc5 $17) (26.
Bxe7 $6 Rxe7 27. c6 $2 bxc6 28. Nxc6 Reb7 $19)) (25. Nxb7 $5) 25... Rxe7 26.
Rfe1 $6 $138 ({It was necessary to cover the d5-square in order to keep the
queen on b6.In this case Black's rook and queen are fully out of play.} 26. Nc4
$1 {[%csl Ra7,Ra8,Gd5][%cal Gc4e3]} Nf4 (26... Nxd4 27. Rfd1) 27. Ne3 $1 {><a7}
) 26... Nf4 {[%cal Gf4d5] Knight immediately rushes to free his colleagues.}
27. f3 $5 $138 e3 28. Nc4 Nd5 (28... Qg8 $5 {leads to a fantasic draw:} 29.
Qxa7 Qxc4 30. Rxb7 Qc2 $1 {[%csl Rg2]} (30... Qxa2 $2 31. Rxe7+ Kg6 32. Rg7+
Kh5 33. Qf7+) 31. Rxe7+ Kg6 32. Rg7+ Kh5 {It looks like winning for Black,but
White escapes with the help of beautiful tactical resourse:} 33. Rxg5+ $3 (33.
Qf7+ $2 Kh4 34. g3+ Kh3 35. Qd7+ f5 $19) 33... hxg5 $8 (33... fxg5 $2 34. Qf7+
Kh4 35. g3+ Kh3 36. Qd7+) (33... Kxg5 $2 34. Qg7+) 34. Qf7+ Kh6 $8 (34... Kh4
$2 35. g3+ Kh3 36. Qd7+ f5 37. Qh7+) 35. Qxf6+ Kh7 $1 $11 {with perpetual
check.}) (28... e2 29. Rb2 $1 $44) 29. Qb3 {[%cal Gc4e3]} Qe8 {Finally queen
is free.} 30. Nd6 $1 Qd7 (30... Qg6 $2 31. Nc8 $1) 31. Qc2+ Kh8 32. Qg6 {
[%csl Rh6]} Qe6 (32... Rh7 33. Nf5 {[%cal Gf5e3,Gf5h6]} Ra8 34. Nxe3 $14) 33.
Nf5 $5 {[%csl Re3,Re7,Rh6]} (33. Qxh6+ $5 Kg8 (33... Rh7 34. Qf8+ Qg8 35. Qxg8+
Kxg8 36. Nf5) 34. Qg6+ Rg7 35. Qe4) 33... Rh7 34. Nxe3 $1 {Winning a pawn back
White obtain small advantage in the endgame.} Nxe3 35. Rb3 Qf7 $1 36. Qxf7 Rxf7
37. Rbxe3 Kg7 $2 $138 {[%mdl 16384] Serious strategical blunder in the
time-trouble which could cost the game.It was necessary to bring rook back
into play.} (37... Ra8 $142) 38. Re8 $1 $16 {[%csl Ra7] ><a7} a5 39. a4 b6 $2 {
Black should wait.} 40. cxb6 $18 Ra6 $6 {loses immediately.But after this
series of time-trouble blunders White comes with unbelievable 41.Rb1??.I
wasn't sure if we had made 40 moves and continued to blitz as I also was very
short of time.} ({Even after better} 40... Rab7 {White wins with no problems.}
41. Rb1 Rfd7 42. Ra8 Rxd4 (42... Rd5 43. Ra7) 43. Rxa5 Kf7 44. Ra8 $18) 41. Rb1
$4 $138 {[%mdl 8192]} ({After} 41. Rb8 $18 {[%cal Ge1b1] with the idea Rb1
White wins easily.}) 41... Rb7 42. Kf2 $6 {Now draw is inevitable.} ({After} 
42. Re7+ $1 {White is slightly better.} Rxe7 43. b7 Re8 $1 44. b8=Q Rxb8 45.
Rxb8 Ra7 46. Kf2 $14 {[%csl Ra5,Rc6]}) (42. d5 Raxb6 (42... cxd5 $2 43. Re6 $16
) 43. Rxb6 Rxb6 44. d6 $5 (44. dxc6 Rxc6 45. Ra8 Rc5 $11) 44... Rb1+ 45. Kf2
Rd1 46. Ra8 Kf7 $1 47. Rxa5 Ke6) 42... Rbxb6 43. Rxb6 Rxb6 44. Ra8 Rb2+ $11 45.
Kf1 (45. Kf1 Rb1+ 46. Kf2 Rb2+) 1/2-1/2

[Event "Platonov Memorial"]
[Site "Kiev"]
[Date "1995.??.??"]
[Round "3"]
[White "Mikhalevski, Victor"]
[Black "Sergeev, Vladimir"]
[Result "1-0"]
[WhiteElo "2495"]
[BlackElo "2415"]
[Annotator "Mikhalevski,V"]
[PlyCount "63"]
[EventDate "1995.??.??"]
[EventType "tourn"]
[EventRounds "13"]
[EventCountry "UKR"]
[EventCategory "10"]
[SourceTitle "CBM 051"]
[Source "ChessBase"]
[SourceDate "1996.04.01"]
[SourceVersion "1"]
[SourceVersionDate "1996.04.01"]
[SourceQuality "1"]

1. d4 {Mowsziszian} Nf6 2. c4 c6 3. Nf3 d5 4. Nc3 a6 5. c5 Nbd7 6. Bf4 Nh5 7.
Bd2 (7. e3 Nxf4 8. exf4 g6 (8... Qc7 9. Qd2 g6 10. Bd3 Bg7 11. O-O e6 12. h4
O-O 13. h5 Bh6 14. g3 e5 $132 {Moskalenko,V-Rogozenko,D/Nikolaev zt/1993/0,543/
}) 9. Bd3 Bg7 10. O-O O-O 11. b4 b6 12. Qc2 a5 13. a3 Qc7 14. g3 e6 $10 {
Van Wely,L-Khalifman,A/New York Rapid/1994/0:1/29/}) 7... g6 (7... e5 8. Nxe5
Nxe5 9. dxe5 Bxc5 10. e4 g6 11. exd5 cxd5 12. Be2 $16 {Stohl/} (12. Qf3 $14 {
Mowsziszian} Be6 13. g4 Ng7 14. Bg2 O-O 15. O-O Qh4 16. Nxd5 {1/2-1/2
Shereshevski,M-Popchev,M/Elenite-B (05) ;EXP 43 1994 (66)})) (7... Qc7 8. g3 g6
9. Bg2 Bg7 10. O-O O-O 11. Bg5 Re8 12. Qd2 f6 13. Bh6 $14 {Stohl,I-Velicka,P/
CSFR-ch/1992/0,5/40/}) 8. e4 (8. g4 $5 Nhf6 9. h3 {Stohl/}) 8... dxe4 9. Nxe4
Bg7 (9... Ndf6 10. Nc3 (10. Nxf6+ Nxf6 11. Bc4 Bg7 12. O-O Bg4 $2 13. Bxf7+
Kxf7 14. Ne5+ Ke8 15. Nxg4 $16) 10... Bg4 11. Be3 Ng7 12. Bc4 Be6 13. Be2 Nf5
14. Bf4 Nd5 15. Be5 f6 16. Bg3 h5 17. Bd3 Nb4 18. Bxf5 Bxf5 19. O-O g5 20. h4
g4 21. Ne1 $10 {Sherbakov,R-Ivanov,Vi/RUS-ch/1994/0,5/}) 10. Bc4 O-O (10...
Ndf6 {Mowsziszian} 11. Nxf6+) 11. O-O Ndf6 (11... e5 $2 {Mowsziszian ><d6} 12.
Nd6 exd4 13. Nxf7 Rxf7 14. Bxf7+ Kxf7 15. Qb3+ Kf8 16. Ng5 $40) 12. Nxf6+ $5 (
12. Nc3 Bg4 13. Be3 e6 14. h3 Bxf3 15. Qxf3 Nd5 16. Rad1 {Ionov,S-Lunev,A/
St-Peterburg/1994/0,5/}) 12... Bxf6 (12... Nxf6 $5 13. h3 $1 (13. Qb3 {
Mowsziszian} Nd5 14. Rfe1 $14 Re8 15. Ne5 Ra7 16. Rad1 Be6 17. Qg3 Qc8 18. Ba5
f6 19. Nd3 Bf7 20. b3 Ra8 21. Re2 Qd7 22. Rde1 Rac8 23. Qf3 Nc7 24. Bxf7+ Kxf7
25. Ne5+ {1-0 Peng Zhaoqin-Sheremetieva,M/Kishinev ztW (08) ;EXT 95 1995})
13... Bf5 14. Qb3 Be4 (14... Qc7 15. Ne5 e6 16. f3 $16) 15. Ne5 Bd5 (15... Qxd4
16. Bxf7+ Kh8 17. Bc3 Qxc5 18. Qxb7 $36) 16. Bxd5 Qxd5 17. Qxb7 Qxd4 18. Bc3
Qxc5 19. Qxc6 Qxc6 20. Nxc6 e6 $14) 13. Qb3 Qc7 (13... Bg4 14. Bh6 Ng7 15. Ne5
$16) (13... Bxd4 {Mowsziszian} 14. Rad1 (14. Nxd4 Qxd4 15. Bh6 Ng7 16. Rad1
Qxc5 17. Bxf7+ $1 Kh8 $44 (17... Rxf7 18. Rd8+)) 14... Bg4 15. Bg5 $1 Bxf3 $8
16. Qxf3 Ng7 (16... Qd7 17. Qe4 e5 18. Qxe5 $1 Bxe5 19. Rxd7 $16) 17. Rfe1 $16)
14. Rfe1 Ng7 15. Bh6 $1 (15. h3 $6 Be6 16. Bxe6 Nxe6 17. Be3 Rad8 $15) 15... e6
(15... Bg4 16. Ne5 Bxe5 17. Rxe5 $16) 16. Bg5 Bxg5 17. Nxg5 $16 {Mowzsizsian:
Schwach sind die schwarzen Felder b6,d6,f6,h6. Der Läufer auf c8 ist passiv.}
Qd8 18. Nf3 Nf5 19. Qc3 Qf6 20. Re4 Rd8 21. Rf4 Bd7 22. Re1 (22. g4 g5 23. Re4
Ne7 $16) 22... h5 (22... Qg7 $142 23. g4 Ne7 24. Ne5 Be8 $16) 23. h3 h4 $6 (
23... Qg7 24. g4 hxg4 25. hxg4 Ne7 26. Ne5 Be8 27. Kg2 $16) 24. Re5 Be8 25.
Nxh4 $1 g5 26. Rfxf5 exf5 27. Nxf5 Rd7 28. d5 $1 {/\Re8,Qf6} Kh7 (28... cxd5
29. Rxe8+ Rxe8 30. Qxf6 $18) 29. d6 $18 b5 30. Bd3 b4 31. Ne7+ Kh8 32. Rxg5 (
32. Rxg5 $1 bxc3 33. Rg8#) 1-0

[Event "World Women-ch k.o."]
[Site "Teheran"]
[Date "2017.02.14"]
[Round "2.1"]
[White "Gunina, Valentina"]
[Black "Ni, Shiqun"]
[Result "0-1"]
[WhiteElo "2524"]
[BlackElo "2399"]
[Annotator "Moradiabadi,E"]
[PlyCount "85"]
[EventDate "2017.02.11"]
[EventType "k.o."]
[EventRounds "7"]
[EventCountry "IRI"]
[SourceTitle "CBM 177"]
[Source "ChessBase"]
[SourceDate "2017.03.16"]
[SourceVersion "1"]
[SourceVersionDate "2017.03.16"]
[SourceQuality "1"]

1. d4 d5 2. c4 c6 3. Nf3 Nf6 4. e3 Bf5 5. Nc3 a6 6. Be2 h6 7. O-O e6 8. Bd3
Bxd3 9. Qxd3 Bb4 10. a3 Bxc3 11. bxc3 O-O 12. a4 Qc7 13. Ba3 Rc8 14. Nd2 Nbd7
15. f3 b5 16. c5 e5 17. e4 Re8 18. axb5 axb5 19. Bb4 Ra7 20. Rfe1 Qb8 21. Nb3
Rxa1 22. Nxa1 exd4 23. cxd4 dxe4 24. fxe4 {[#]} Qf4 {Gunina's play was too
optimistic and risky up to this point which had caused her this 'headache'
before you.} 25. Bd2 Qg4 26. h3 $2 {This loses a pawn and the game is
strategically over.} (26. e5 Nd5 27. Nb3 {was necessary. White has to put her
knight on a5 to block the file and stay tight. Black's advantage is clear and
may even lead to a win but it was the only way to put up any long-term
resistance.}) 26... Qg6 27. d5 Nxd5 $1 {Now both c5 and e4 will be falling.
The game is over and Shiqun converts her advantage without much of a fuss.} 28.
Nb3 N5f6 29. Qd6 Rxe4 30. Rf1 Re6 31. Qc7 Qc2 32. Rf3 Nxc5 33. Nd4 Qxd2 34.
Nxe6 Qe1+ 35. Kh2 Qxe6 36. Rc3 Nfe4 37. Rc1 Kh7 38. Rd1 b4 39. Rd8 b3 40. Qb8
Nd7 41. Qb7 Qe5+ 42. Kg1 b2 43. Rg8 0-1

[Event "Olympiad-36"]
[Site "Mallorca"]
[Date "2004.10.17"]
[Round "3"]
[White "Georgiev, Kiril"]
[Black "Movsesian, Sergei"]
[Result "1/2-1/2"]
[WhiteElo "2625"]
[BlackElo "2629"]
[Annotator "Movsesian,S"]
[PlyCount "51"]
[EventDate "2004.10.15"]
[EventType "team-swiss"]
[EventRounds "14"]
[EventCountry "ESP"]
[SourceTitle "CBM 104"]
[Source "ChessBase"]
[SourceDate "2005.01.27"]
[SourceVersion "1"]
[SourceVersionDate "2005.01.27"]
[SourceQuality "1"]
[WhiteTeam "Bulgaria"]
[BlackTeam "Slovakia"]
[WhiteTeamCountry "BUL"]
[BlackTeamCountry "SVK"]

1. d4 d5 2. c4 c6 3. Nf3 Nf6 4. Nc3 a6 5. e3 b5 6. b3 Bg4 7. Be2 Nbd7 8. O-O e6
9. h3 Bh5 10. Bb2 Bd6 11. Ne5 Bxe2 12. Nxe2 bxc4 13. bxc4 O-O 14. Qc2 ({
Here are the latest (but not very succesful) efforts to get some advantage} 14.
Rb1 Qc7 15. Nxd7 Qxd7 16. Qa4 Rfb8 17. Bc3 Qc8 18. Rfc1 Rxb1 19. Rxb1 Rb8 20.
Rb3 dxc4 $11 {Epishin-Bareev, Russia (ch) 2004}) ({or} 14. Rc1 Qb8 $5 15. Nxd7
Nxd7 16. Rb1 Qc7 17. c5 Be7 18. Bc3 Rfb8 19. Qd3 Rb5 20. a4 Rxb1 21. Rxb1 Rb8
$11 {Haba-Movsesian, Czech (chT) 2004}) 14... Qc7 15. Nd3 $5 (15. cxd5 {
didn't bring anything to white in Horvath, Cs-Dautov, HUN-GER m 2004}) 15...
Ne4 $5 16. Rfd1 Rfc8 17. c5 Be7 18. f3 Ng3 $1 {Black's only problem is lack of
space, so it's important to change one pair of knights. The counterplay
connected with e6-e5 is going to equalize quite easily} 19. Nxg3 Qxg3 20. Bc3
e5 21. Qf2 Qg6 22. Rab1 Rab8 23. Rb3 Rb5 24. Ra3 Ra8 25. Ra4 exd4 26. exd4
1/2-1/2

[Event "EU-ch 8th"]
[Site "Dresden"]
[Date "2007.04.04"]
[Round "2"]
[White "Gajewski, Grzegorz"]
[Black "Movsesian, Sergei"]
[Result "0-1"]
[WhiteElo "2540"]
[BlackElo "2637"]
[Annotator "Movsesian,S"]
[PlyCount "126"]
[EventDate "2007.04.03"]
[EventType "swiss"]
[EventRounds "11"]
[EventCountry "GER"]
[SourceTitle "CBM 118"]
[Source "ChessBase"]
[SourceDate "2007.05.31"]
[SourceVersion "1"]
[SourceVersionDate "2007.05.31"]
[SourceQuality "1"]

1. d4 d5 2. c4 c6 3. Nf3 Nf6 4. Nc3 a6 5. c5 Nbd7 6. Bf4 Nh5 7. Bd2 Nhf6 8. Rc1
g6 9. h3 Qc7 10. g3 Bg7 11. Bf4 Qd8 12. Bg2 O-O 13. O-O Nh5 14. Bd2 f5 15. Na4
e5 16. dxe5 Nxe5 17. Bc3 Nxf3+ 18. Bxf3 Bxc3 19. Rxc3 Ng7 20. Nb6 $5 {White is
trying to win a tempo compared to a Vitiugov-Malakhov game, where the black
rook went directly to e8.} (20. e3 Be6 21. Bg2 Qe7 22. b4 Rae8 23. Rd3 Bf7 $11
{Vitiugov-Malakhov, RUS-ch 1st league 2006}) 20... Rb8 21. e3 Be6 22. b4 (22.
Bg2 $5 {to be ready to meet Black's g6-g5 with f2-f4}) 22... g5 $5 {Black is
ready to solve his space problems with active play.} 23. Bg2 f4 24. exf4 gxf4
25. Re1 Qc7 26. Qd4 Rbe8 27. Re5 ({A couple of rounds later in the same
tournament White played differently, but also didn´t achieve anything:} 27. Rf3
fxg3 28. Rxg3 Bf5 29. Rxe8 Rxe8 30. Qf6 Bg6 31. Re3 Rxe3 32. fxe3 Ne8 {0,5
Arutunian-Laznicka, Dresden (Ech) 2007}) 27... fxg3 28. Rxg3 Bf5 29. Ree3 Bg6
30. Rxe8 Rxe8 31. Re3 Rf8 {Here I started to be optimistic about my position,
so I decided to try to keep the tension and not to exchange the rooks yet.} 32.
Re1 Nh5 33. Qe5 Qf7 $6 {Going for a forced line, which results in an
interesting, but not very clear endgame...} ({Probably the simple} 33... Qxe5
34. Rxe5 Nf4 {was better.}) 34. Nxd5 Qxf2+ 35. Kh1 cxd5 36. Bxd5+ Rf7 37. Bxf7+
Qxf7 38. Qe6 Nf4 39. Qxf7+ Bxf7 {All this was more or less forced. The
question is: will 2 pieces be stronger then the rook or White can keep the
balance?} 40. a3 Bd5+ 41. Kh2 Bc6 42. Kg3 Nd5 43. Kg4 $6 {The beginning of a
wrong plan. I think, White just had to play h3-h4 and only after to move the
king forward.} Bd7+ 44. Kf3 Kf7 45. Ke4 $6 {This looks like a blunder. My
opponent probably forgot about my 48th move...} (45. h4 {was still a good
option.}) 45... Nf6+ 46. Ke5 Bxh3 47. Rh1 Bg2 48. Rg1 Nd7+ 49. Kd6 Bc6 {
Now Black has some kind of fortress on the queen's side and can try to move
the h-pawn.} 50. Kc7 Nf6 51. Kb8 Nd5 52. Rh1 Kg7 53. Rg1+ Kh8 $5 {Now Black
gets time to play h7-h6 and Kh8-h7.} (53... Kf6 54. Rh1 Kg6 55. Rg1+ Kf5 56.
Rh1 Nf6 57. Rf1+ Ke5 58. a4 {and White may survive.}) 54. Rg4 h6 55. a4 {
White decides not to wait for a slow death and goes for his last chance...} Nc3
56. b5 axb5 57. a5 Nd5 $2 {Gives White a possibility to save the game...} ({
The right move was} 57... Kh7 58. a6 bxa6 59. Kc7 Be4 60. Kd6 h5 {and Black
should win.}) 58. Rg6 $2 {But White misses it!} (58. a6 $1 bxa6 59. Rg6 Nb4 60.
Rxh6+ Kg7 61. Rd6 {and the white king comes to a5, collecting the a6 pawn.})
58... Nb4 59. Rxh6+ Kg7 60. Rd6 (60. Rh5 Kg6 61. Re5 Kf6 62. Rh5 Na6+ 63. Ka7
b4 $19) 60... Na6+ 61. Ka7 Nxc5 62. Rxc6 bxc6 63. Kb6 Na6 $1 (63... Na6 64.
Kxa6 b4 65. Kb6 b3 66. a6 b2 67. a7 b1=Q+ 68. Kxc6 Qe4+ 69. Kb6 Qa8 $19) 0-1

[Event "Olympiad-37"]
[Site "Turin"]
[Date "2006.05.29"]
[Round "8"]
[White "Onischuk, Alexander"]
[Black "Hansen, Sune Berg"]
[Result "1-0"]
[WhiteElo "2650"]
[BlackElo "2555"]
[Annotator "Mueller,Karsten"]
[PlyCount "173"]
[EventDate "2006.05.21"]
[EventType "team-swiss"]
[EventRounds "13"]
[EventCountry "ITA"]
[SourceTitle "CBM 113"]
[Source "ChessBase"]
[SourceDate "2006.07.31"]
[SourceVersion "1"]
[SourceVersionDate "2006.07.31"]
[SourceQuality "1"]
[WhiteTeam "US of America"]
[BlackTeam "Denmark"]
[WhiteTeamCountry "USA"]
[BlackTeamCountry "DEN"]

1. d4 d5 2. c4 c6 3. Nf3 Nf6 4. Nc3 a6 5. a4 e6 6. Bg5 a5 7. e3 Na6 8. Be2 Be7
9. O-O O-O 10. Qb3 Nb4 11. Na2 Nxa2 12. Rxa2 dxc4 13. Bxc4 Nd5 14. Bf4 Nxf4 15.
exf4 Qd6 16. g3 b5 17. axb5 cxb5 18. Qxb5 Ba6 19. Qb3 Rab8 20. Qd3 Bxc4 21.
Qxc4 Rfc8 22. Qe2 Qd5 23. Raa1 Rb3 24. Ne5 Rcb8 25. Qc4 Qxc4 26. Nxc4 Rc8 27.
Rfc1 g5 28. f5 Bf6 29. fxe6 fxe6 30. Rxa5 Bxd4 31. Rxg5+ Kf8 32. Rc2 Rb4 33.
Ne3 Rcb8 34. Nd1 Bxb2 35. Nxb2 Rxb2 36. Rc7 R2b7 37. Rgg7 Rxc7 38. Rxc7 Rb1+
39. Kg2 Kg8 40. h4 Re1 41. h5 Re5 42. g4 h6 43. Re7 Re1 44. f3 Re2+ 45. Kf1 Re3
46. Kf2 Re5 47. f4 Re4 48. Kf3 Re1 49. f5 Kf8 50. Rh7 exf5 51. gxf5 Rh1 52. Kg4
Kg8 53. Rxh6 Kg7 54. Rg6+ Kf7 55. Ra6 Kg7 56. Ra7+ Kf6 57. Ra6+ Kg7 58. Re6 Rh2
59. Re7+ Kf6 60. Re6+ Kg7 61. Rg6+ Kf7 62. Kg5 Rg2+ 63. Kf4 Rf2+ 64. Kg4 Rh2
65. Ra6 Kg7 66. Kg5 Rg2+ 67. Kf4 Rf2+ 68. Ke4 Re2+ 69. Kf3 Rh2 70. Rg6+ Kf7 71.
h6 Rh3+ 72. Ke4 Rh1 73. Rg7+ Kf6 74. Rg6+ Kf7 75. Re6 Re1+ 76. Kd5 Rd1+ 77. Ke5
Re1+ 78. Kd6 Rd1+ 79. Kc6 Rf1 80. h7 Kg7 81. f6+ Kxh7 82. Kd7 Ra1 83. Ke7 {
[%tqu "En","How can Black still mount a defence?","","","a1a7","",0,"a1a8","",
4,"De","Wie kann Schwarz sich noch verteidigen?","","","a1a7","",0,"a1a8","",4]
} Ra7+ $2 (83... Ra8 $1 {makes it hard for White to take up the Lucena
position and prepares the defence of the back rank. hindert Weiß an der
Einnahme der Lucenastellung und bereitet die Verteidigung auf der letzten
Reihe vor.} 84. f7 (84. Kf7 Kh6 85. Re8 Ra7+ 86. Re7 Ra8 87. Re6 Kh7 $11) 84...
Kg7 85. Ra6 Rb8 86. Rf6 Rb7+ 87. Ke8 Rb8+ 88. Ke7 Rb7+ $11) 84. Kf8 Ra8+ 85.
Re8 Ra6 86. f7 Ra7 87. Re1 (87. Re1 Ra8+ 88. Ke7 Ra7+ 89. Kf6 Ra6+ 90. Re6 Ra8
91. Re8 $18) 1-0